<?xml version="1.0" encoding="UTF-8"?>
<record
    xmlns:xsi="http://www.w3.org/2001/XMLSchema-instance"
    xsi:schemaLocation="http://www.loc.gov/MARC21/slim http://www.loc.gov/standards/marcxml/schema/MARC21slim.xsd"
    xmlns="http://www.loc.gov/MARC21/slim">

  <leader>01227nam a2200229   4500</leader>
  <controlfield tag="001">113598</controlfield>
  <controlfield tag="003">DR-UNIBE</controlfield>
  <controlfield tag="005">20250512110543.0</controlfield>
  <controlfield tag="008">250512b1999    pr ||||| |||| 00| 0 spa d</controlfield>
  <datafield tag="040" ind1=" " ind2=" ">
    <subfield code="a">BIBLIOTECA UNIBE</subfield>
    <subfield code="b">spa</subfield>
    <subfield code="c">BIBLIOTECA UNIBE</subfield>
    <subfield code="e">rda</subfield>
  </datafield>
  <datafield tag="041" ind1=" " ind2=" ">
    <subfield code="a">spa</subfield>
  </datafield>
  <datafield tag="082" ind1=" " ind2=" ">
    <subfield code="2">22</subfield>
    <subfield code="a">347.09 P977r</subfield>
  </datafield>
  <datafield tag="110" ind1="1" ind2="0">
    <subfield code="a">Puerto Rico. Tribunal General de Justicia</subfield>
    <subfield code="9">195218</subfield>
    <subfield code="e">autor</subfield>
  </datafield>
  <datafield tag="245" ind1="1" ind2="0">
    <subfield code="a">Reglamento de certificaci&#xF3;n y educaci&#xF3;n continua relacionado con los m&#xE9;todos alternos para la soluci&#xF3;n de conflictos /</subfield>
  </datafield>
  <datafield tag="260" ind1=" " ind2=" ">
    <subfield code="a">San Juan: </subfield>
    <subfield code="b">Tribunal General de Justicia. Oficina de administraci&#xF3;n de los tribunales, </subfield>
    <subfield code="c">1994</subfield>
  </datafield>
  <datafield tag="300" ind1=" " ind2=" ">
    <subfield code="a">62 hojas: </subfield>
    <subfield code="c">27 x 21 cm</subfield>
  </datafield>
  <datafield tag="505" ind1=" " ind2=" ">
    <subfield code="a">Cap&#xED;tulo I. Disposiciones generales |
Cap&#xED;tulo II. Definiciones |
Cap&#xED;tulo III. Certificaci&#xF3;n de interventores(as) neutrales |
Cap&#xED;tulo IV. Certificaci&#xF3;n de proveedores(as) |
Cap&#xED;tulo V. Rectificaci&#xF3;n |
Cap&#xED;tulo VI. Est&#xE1;ndares &#xE9;ticos |
Cap&#xED;tulo VII. Disposiciones miscel&#xE1;neas </subfield>
  </datafield>
  <datafield tag="650" ind1=" " ind2="7">
    <subfield code="2">lemb</subfield>
    <subfield code="a"> Resoluci&#xF3;n de disputas (Derecho) </subfield>
    <subfield code="v">Reglamentos</subfield>
    <subfield code="z">Puerto Rico</subfield>
    <subfield code="9">195237</subfield>
  </datafield>
  <datafield tag="650" ind1=" " ind2="7">
    <subfield code="2">lemb</subfield>
    <subfield code="a">Mediaci&#xF3;n </subfield>
    <subfield code="v">Reglamentos</subfield>
    <subfield code="z">Puerto Rico</subfield>
    <subfield code="9">195238</subfield>
  </datafield>
  <datafield tag="650" ind1=" " ind2="7">
    <subfield code="2">lemb</subfield>
    <subfield code="a"> Terceros (Derecho)</subfield>
    <subfield code="v">Reglamentos</subfield>
    <subfield code="z">Puerto Rico</subfield>
    <subfield code="9">195239</subfield>
  </datafield>
  <datafield tag="942" ind1=" " ind2=" ">
    <subfield code="2">ddc</subfield>
    <subfield code="c">BK</subfield>
  </datafield>
  <datafield tag="999" ind1=" " ind2=" ">
    <subfield code="c">113598</subfield>
    <subfield code="d">113598</subfield>
  </datafield>
  <datafield tag="952" ind1=" " ind2=" ">
    <subfield code="0">0</subfield>
    <subfield code="1">0</subfield>
    <subfield code="2">ddc</subfield>
    <subfield code="7">0</subfield>
    <subfield code="a">Principal</subfield>
    <subfield code="d">2025-04-08</subfield>
    <subfield code="l">0</subfield>
    <subfield code="o">347.09 P977r</subfield>
    <subfield code="p">250433</subfield>
    <subfield code="r">2025-05-12 11:04:00</subfield>
    <subfield code="t">Ej. 1</subfield>
    <subfield code="w">2025-05-12</subfield>
    <subfield code="y">BK</subfield>
  </datafield>
</record>
